[Event "42. Torneo Internacional de La Roda"]
[Site "La Roda ESP"]
[Date "2015.04.03"]
[Round "5.11"]
[White "Cano Gimenez, Vicente"]
[Black "Perez Mitjans, Orelvis"]
[Result "1-0"]
[WhiteElo "2243"]
[BlackElo "2463"]
[PlyCount "91"]
[EventDate "2015.04.01"]
[EventType "swiss"]
[EventRounds "9"]
[EventCountry "ESP"]
[Source "lmi"]
[SourceDate "2015.04.01"]

1. Nf3 Nc6 2. d4 d5 3. g3 Bf5 4. Bg2 Qd7 5. c4 e6 6. O-O dxc4 7. Nc3 Nf6 8. Qa4
Nb4 9. Qxd7+ Nxd7 10. Nh4 O-O-O 11. Nxf5 exf5 12. Bf4 Nb6 13. Rac1 Bd6 14. Bxd6
Rxd6 15. a3 Nc6 16. Nb5 Rdd8 17. e3 Kb8 18. Bxc6 bxc6 19. Nc3 Rhe8 20. Rc2 g5
21. Rd1 Re6 22. Kg2 h5 23. h4 gxh4 24. gxh4 Rg6+ 25. Kf3 Rg4 26. Rh1 f4 27. Ne4
fxe3 28. fxe3 Nd5 29. Nf2 Rg6 30. Rxc4 Rf6+ 31. Ke2 Rg8 32. Rh3 Rg1 33. Rf3 Re6
34. e4 Rb1 35. Rc2 f6 36. Rb3+ Kc8 37. Kf3 Ne7 38. Rc5 f5 39. e5 Nd5 40. Ra5
Rg6 41. Rxa7 Re1 42. Ra8+ Kd7 43. Rh8 f4 44. Ne4 Rgg1 45. Nc5+ Ke7 46. Rh7+ 1-0

[Event "42. Torneo Internacional de La Roda"]
[Site "La Roda ESP"]
[Date "2015.04.03"]
[Round "5.12"]
[White "Moreno Ruiz, Javier"]
[Black "Sanchez Jerez, Emilio Miguel"]
[Result "1/2-1/2"]
[WhiteElo "2461"]
[BlackElo "2231"]
[PlyCount "67"]
[EventDate "2015.04.01"]
[EventType "swiss"]
[EventRounds "9"]
[EventCountry "ESP"]
[Source "lmi"]
[SourceDate "2015.04.01"]

1. d4 Nf6 2. c4 d6 3. Nf3 g6 4. Nc3 Bf5 5. Nh4 Bd7 6. e4 Bg7 7. Be2 O-O 8. O-O
e5 9. Nf3 exd4 10. Nxd4 Nc6 11. Be3 Re8 12. f3 Nh5 13. Qd2 f5 14. Nxc6 Bxc6 15.
Bg5 Bf6 16. Bxf6 Qxf6 17. exf5 Qxf5 18. Rf2 Nf4 19. Bf1 a5 20. Rd1 Re7 21. b3
Rf8 22. Nd5 Bxd5 23. cxd5 b6 24. g3 Nh3+ 25. Bxh3 Qxh3 26. Re1 Rxe1+ 27. Qxe1
Qf5 28. Qd2 Re8 29. Kg2 Re5 30. Qc3 Qf7 31. Rd2 Rxd5 32. Rxd5 Qxd5 33. Qxc7
Qd2+ 34. Kh3 1/2-1/2

[Event "42. Torneo Internacional de La Roda"]
[Site "La Roda ESP"]
[Date "2015.04.03"]
[Round "5.13"]
[White "Figuero Toro, Julian Francisco"]
[Black "Cifuentes Parada, Roberto"]
[Result "1/2-1/2"]
[WhiteElo "2223"]
[BlackElo "2461"]
[PlyCount "137"]
[EventDate "2015.04.01"]
[EventType "swiss"]
[EventRounds "9"]
[EventCountry "ESP"]
[Source "lmi"]
[SourceDate "2015.04.01"]

1. e4 d6 2. d4 Nf6 3. Nc3 Nbd7 4. Nf3 e5 5. Bc4 Be7 6. O-O O-O 7. Re1 a6 8. a4
b6 9. Nd5 Bb7 10. dxe5 dxe5 11. Bg5 Nxd5 12. Bxd5 c6 13. Bxe7 Qxe7 14. Ba2 Rad8
15. Qe2 a5 16. Qe3 Nc5 17. Bc4 h6 18. b3 Bc8 19. h3 Rd6 20. Rad1 Rfd8 21. Rxd6
Rxd6 22. Qc3 Nd7 23. Re3 Rd1+ 24. Re1 Rxe1+ 25. Qxe1 Qd6 26. Qc3 Kf8 27. Be2
Ke7 28. Bd3 f6 29. Be2 Nc5 30. Qe3 Be6 31. Kf1 g5 32. Ke1 Bf7 33. Nd2 Qd4 34.
Qxd4 exd4 35. Bc4 Bg6 36. f3 f5 37. exf5 Bxf5 38. Kd1 Nd7 39. Bf1 Kd6 40. Nc4+
Kc5 41. Kd2 Be6 42. g3 Bxc4 43. Bxc4 b5 44. Be6 Ne5 45. f4 gxf4 46. gxf4 Ng6
47. f5 Nf4 48. h4 bxa4 49. bxa4 Kd6 50. Bc8 Ke5 51. c3 c5 52. cxd4+ cxd4 53.
Bd7 Ng2 54. Kd3 Nf4+ 55. Kd2 Kf6 56. Bc8 Nd5 57. Kd3 Nb6 58. Be6 Nxa4 59. Kxd4
Nb2 60. Kc3 Nd1+ 61. Kd2 Nf2 62. Ke3 Ng4+ 63. Kf4 Ne5 64. Bb3 Nd7 65. Kg4 Nc5
66. Bd5 Nd3 67. Bb3 Ke7 68. Bc2 Nc5 69. Kh5 1/2-1/2

[Event "42. Torneo Internacional de La Roda"]
[Site "La Roda ESP"]
[Date "2015.04.03"]
[Round "5.14"]
[White "Serna Lara, Sergio"]
[Black "Smirnov, Artem"]
[Result "1/2-1/2"]
[WhiteElo "2221"]
[BlackElo "2456"]
[PlyCount "100"]
[EventDate "2015.04.01"]
[EventType "swiss"]
[EventRounds "9"]
[EventCountry "ESP"]
[Source "lmi"]
[SourceDate "2015.04.01"]

1. d4 Nf6 2. c4 e6 3. Nf3 Bb4+ 4. Nbd2 O-O 5. e3 b6 6. Bd3 Bb7 7. O-O d5 8. a3
Bxd2 9. Bxd2 Nbd7 10. cxd5 Bxd5 11. b4 c5 12. dxc5 bxc5 13. Rc1 Bxf3 14. gxf3
Ne5 15. Be2 c4 16. Bc3 Nd3 17. Bxd3 cxd3 18. Bxf6 Qxf6 19. Qxd3 Qxf3 20. Rfd1
h5 21. Qf1 Rad8 22. Rxd8 Rxd8 23. Qg2 Qf6 24. Qe4 g6 25. Rc5 Rd1+ 26. Kg2 Qa1
27. Kf3 Rd5 28. Kg3 Rd1 29. Kf3 Rd8 30. Kg2 Qxa3 31. Ra5 Qb2 32. Rxa7 Rd5 33.
Ra8+ Kg7 34. Ra5 Rd2 35. Qe5+ Qxe5 36. Rxe5 Rb2 37. b5 Rc2 38. Re4 Rb2 39. Re5
Kf6 40. Rc5 h4 41. h3 e5 42. Rc6+ Kf5 43. b6 f6 44. Rd6 g5 45. e4+ Kg6 46. Rc6
Rb4 47. Kf3 Rb5 48. Kg2 Rb4 49. Kf3 Rb3+ 50. Kg2 Rb4 1/2-1/2

[Event "42. Torneo Internacional de La Roda"]
[Site "La Roda ESP"]
[Date "2015.04.03"]
[Round "5.15"]
[White "Suarez Uriel, Adrian"]
[Black "Valmana Canto, Jaime"]
[Result "0-1"]
[WhiteElo "2220"]
[BlackElo "2425"]
[PlyCount "66"]
[EventDate "2015.04.01"]
[EventType "swiss"]
[EventRounds "9"]
[EventCountry "ESP"]
[Source "lmi"]
[SourceDate "2015.04.01"]

1. e4 e6 2. d4 d5 3. Nc3 Nf6 4. Bg5 Bb4 5. e5 h6 6. Bc1 Ne4 7. Qg4 g6 8. Nge2
Nxc3 9. bxc3 Be7 10. h4 h5 11. Qf4 c5 12. Rh3 Nc6 13. Ng1 Qa5 14. Bd2 Qa4 15.
Rf3 Rf8 16. Bd3 c4 17. Be2 Qxc2 18. Qh6 Bd7 19. Rc1 Qxa2 20. Qh7 O-O-O 21. Rxf7
Rxf7 22. Qxf7 Ba3 23. Rd1 Qc2 24. Nh3 Bb2 25. Nf4 Bxc3 26. Nxe6 Bxe6 27. Qxe6+
Kb8 28. Qf6 Bxd4 29. Bf4 Qc3+ 30. Bd2 Qb2 31. f4 c3 32. Bc1 Qb4 33. Rxd4 Qxd4
0-1

[Event "42. Torneo Internacional de La Roda"]
[Site "La Roda ESP"]
[Date "2015.04.03"]
[Round "5.16"]
[White "Escudero Manzano, Sergio"]
[Black "Granero Roca, Antonio"]
[Result "0-1"]
[WhiteElo "2182"]
[BlackElo "2413"]
[PlyCount "106"]
[EventDate "2015.04.01"]
[EventType "swiss"]
[EventRounds "9"]
[EventCountry "ESP"]
[Source "lmi"]
[SourceDate "2015.04.01"]

1. e4 c5 2. Nf3 Nc6 3. d4 cxd4 4. Nxd4 g6 5. Nc3 Bg7 6. Be3 Nf6 7. Bc4 O-O 8.
Bb3 d6 9. h3 Nxd4 10. Bxd4 Be6 11. O-O Nd7 12. Bxg7 Kxg7 13. Qd4+ Kg8 14. Rad1
Qa5 15. Nd5 Rfe8 16. Rfe1 Rac8 17. Re3 a6 18. Rc3 Rxc3 19. Qxc3 Qxc3 20. Nxc3
Rc8 21. Rd2 b5 22. Bxe6 fxe6 23. f3 Nb6 24. Nd1 Kf7 25. Kf2 g5 26. Ne3 Rc6 27.
Ke2 e5 28. c3 e6 29. Rd1 h5 30. Rd2 Ke7 31. Rd1 h4 32. Rd2 Rc5 33. Rd3 Nc4 34.
Nxc4 bxc4 35. Rd2 Rb5 36. Kd1 d5 37. exd5 exd5 38. Kc2 Ke6 39. b3 Rc5 40. Rd1
Rc7 41. Rb1 Kf5 42. Rd1 cxb3+ 43. axb3 d4 44. c4 Kf4 45. Re1 a5 46. Re4+ Kf5
47. Re2 a4 48. bxa4 Rxc4+ 49. Kb3 Rc8 50. a5 d3 51. Re1 Kf4 52. Rd1 Ke3 53.
Re1+ Kf2 0-1

[Event "42. Torneo Internacional de La Roda"]
[Site "La Roda ESP"]
[Date "2015.04.03"]
[Round "5.17"]
[White "Dias, Ivo Rodrigues"]
[Black "Pilgaard, Kim"]
[Result "1-0"]
[WhiteElo "2169"]
[BlackElo "2386"]
[PlyCount "107"]
[EventDate "2015.04.01"]
[EventType "swiss"]
[EventRounds "9"]
[EventCountry "ESP"]
[Source "lmi"]
[SourceDate "2015.04.01"]

1. e4 c5 2. c3 Nf6 3. e5 Nd5 4. Nf3 e6 5. d4 cxd4 6. cxd4 d6 7. Bd3 Nc6 8. O-O
Ndb4 9. Bg5 Qa5 10. Na3 Nxd3 11. Nc4 Qd5 12. Qxd3 dxe5 13. Ne3 Qd7 14. d5 f6
15. Bh4 Nb4 16. Qb3 Nxd5 17. Rfd1 Be7 18. Nxd5 exd5 19. Rxd5 Qc7 20. Re1 Be6
21. Nxe5 fxe5 22. Bxe7 Qc6 23. Rexe5 Kxe7 24. Qb4+ Kf7 25. Rd6 Qc1+ 26. Re1 Qc8
27. Rdxe6 Qxe6 28. Qxb7+ Kf6 29. Rxe6+ Kxe6 30. Qxg7 h5 31. h4 a5 32. b3 a4 33.
bxa4 Rag8 34. Qc7 Kf5 35. a5 Ra8 36. a6 Kg6 37. a7 Rhg8 38. Qd6+ Kh7 39. Qe7+
Kh6 40. Qf6+ Kh7 41. Qf7+ Kh6 42. g3 Raf8 43. Qe6+ Kh7 44. Kg2 Re8 45. Qf7+ Kh6
46. f3 Re2+ 47. Kh3 Ree8 48. Qf4+ Kh7 49. Qf5+ Kh6 50. g4 hxg4+ 51. fxg4 Re3+
52. Kg2 Re2+ 53. Kf3 Ree8 54. g5+ 1-0

[Event "42. Torneo Internacional de La Roda"]
[Site "La Roda ESP"]
[Date "2015.04.03"]
[Round "5.20"]
[White "Ramiro Ovejero, Juan Luis"]
[Black "Moreno Ibanez, Miguel"]
[Result "1/2-1/2"]
[WhiteElo "2345"]
[BlackElo "2210"]
[PlyCount "35"]
[EventDate "2015.04.01"]
[EventType "swiss"]
[EventRounds "9"]
[EventCountry "ESP"]
[Source "lmi"]
[SourceDate "2015.04.01"]

1. d4 Nf6 2. Nf3 g6 3. Nc3 Bg7 4. Bf4 d6 5. Qd2 Bf5 6. Nh4 Ne4 7. Nxe4 Bxe4 8.
Nf3 h6 9. e3 Bxf3 10. gxf3 Nd7 11. c3 e5 12. Bg3 Qe7 13. O-O-O O-O-O 14. f4
exd4 15. cxd4 f5 16. Bg2 Nb6 17. Kb1 Kb8 18. Qc2 1/2-1/2

[Event "42. Torneo Internacional de La Roda"]
[Site "La Roda ESP"]
[Date "2015.04.03"]
[Round "5.21"]
[White "Redondo Benavente, Jose Carlos"]
[Black "Almagro Mazariegos, Sebastian"]
[Result "0-1"]
[WhiteElo "2149"]
[BlackElo "2345"]
[PlyCount "62"]
[EventDate "2015.04.01"]
[EventType "swiss"]
[EventRounds "9"]
[EventCountry "ESP"]
[Source "lmi"]
[SourceDate "2015.04.01"]

1. e4 c5 2. Nf3 d6 3. Nc3 a6 4. a4 Nc6 5. d4 cxd4 6. Nxd4 g6 7. Be3 Bg7 8. Qd2
Nf6 9. f3 O-O 10. Be2 d5 11. exd5 Nxd5 12. Nxd5 Qxd5 13. Nxc6 Qxc6 14. c3 Bf5
15. a5 Rad8 16. Qc1 Bd3 17. Bxd3 Rxd3 18. Bb6 Qe6+ 19. Kf2 Qd6 20. Be3 Rd8 21.
Qc2 h5 22. Ke2 Qe5 23. Qxd3 Rxd3 24. Kxd3 Qb5+ 25. Kc2 Qe2+ 26. Bd2 Qxg2 27.
Raf1 Bh6 28. f4 Bxf4 29. Rd1 Bxd2 30. Rhg1 Qf2 31. Rgf1 Qe2 0-1

[Event "42. Torneo Internacional de La Roda"]
[Site "La Roda ESP"]
[Date "2015.04.04"]
[Round "6.2"]
[White "Perez Candelario, Manuel"]
[Black "Forcen Esteban, Daniel"]
[Result "1-0"]
[WhiteElo "2566"]
[BlackElo "2519"]
[PlyCount "57"]
[EventDate "2015.04.01"]
[EventType "swiss"]
[EventRounds "9"]
[EventCountry "ESP"]
[Source "lmi"]
[SourceDate "2015.04.01"]

1. e4 c5 2. Nf3 d6 3. d4 cxd4 4. Nxd4 Nf6 5. Nc3 a6 6. g3 e5 7. Nb3 Nbd7 8. a4
Be7 9. Bg2 O-O 10. O-O Nb6 11. Re1 Qc7 12. Nd2 Bg4 13. Bf3 Bd7 14. Nf1 Nc4 15.
b3 Na5 16. Bb2 Rfc8 17. Ne3 Bf8 18. Qd2 b5 19. Rec1 Qd8 20. axb5 axb5 21. Ned5
Nxd5 22. Nxd5 Nb7 23. b4 Rxa1 24. Rxa1 Bc6 25. Ra6 Qe8 26. Bg4 Bd7 27. Bxd7
Qxd7 28. Qd3 Nd8 29. Bxe5 1-0

[Event "42. Torneo Internacional de La Roda"]
[Site "La Roda ESP"]
[Date "2015.04.04"]
[Round "6.3"]
[White "Paunovic, Dragan"]
[Black "Arribas Lopez, Angel"]
[Result "0-1"]
[WhiteElo "2442"]
[BlackElo "2524"]
[PlyCount "70"]
[EventDate "2015.04.01"]
[EventType "swiss"]
[EventRounds "9"]
[EventCountry "ESP"]
[Source "lmi"]
[SourceDate "2015.04.01"]

1. Nf3 e6 2. g3 b6 3. Bg2 Bb7 4. O-O c5 5. c4 Nf6 6. Nc3 Be7 7. Re1 a6 8. e4 d6
9. d4 cxd4 10. Nxd4 Qc7 11. Be3 Nbd7 12. f4 Rc8 13. Rc1 Qb8 14. Qe2 Qa8 15. Bf2
g6 16. b4 h5 17. h3 h4 18. b5 Nh5 19. Nc6 hxg3 20. Be3 Bxc6 21. bxc6 Qxc6 22.
Nd5 exd5 23. exd5 Qc7 24. Bd4 Ndf6 25. f5 Kf8 26. fxg6 fxg6 27. Rc3 Rh7 28. Rf1
Rf7 29. Bf3 Nf4 30. Qd2 g5 31. h4 Nd7 32. Bg4 Ne5 33. Bxc8 Qxc8 34. Rxg3 Qxc4
35. Rf2 Ned3 0-1

[Event "42. Torneo Internacional de La Roda"]
[Site "La Roda ESP"]
[Date "2015.04.04"]
[Round "6.4"]
[White "Strikovic, Aleksa"]
[Black "Martin Duque, Jesus"]
[Result "1-0"]
[WhiteElo "2522"]
[BlackElo "2377"]
[PlyCount "48"]
[EventDate "2015.04.01"]
[EventType "swiss"]
[EventRounds "9"]
[EventCountry "ESP"]
[Source "lmi"]
[SourceDate "2015.04.01"]

1. e4 c5 2. c3 e6 3. d4 d5 4. exd5 exd5 5. Nf3 Nc6 6. Bb5 Bd6 7. O-O Nge7 8.
dxc5 Bxc5 9. Nbd2 O-O 10. Nb3 Bb6 11. Re1 Qd6 12. Be3 Bxe3 13. Rxe3 Bg4 14. Be2
Rad8 15. Nfd4 Bc8 16. Rd3 Nxd4 17. Nxd4 Nc6 18. Qa4 Qc5 19. Nxc6 bxc6 20. Qd4
Qb6 21. b4 Be6 22. h4 Rc8 23. Rg3 g6 24. h5 c5 1-0

[Event "42. Torneo Internacional de La Roda"]
[Site "La Roda ESP"]
[Date "2015.04.04"]
[Round "6.5"]
[White "Fernandez Lledo, Javier"]
[Black "Peralta, Fernando"]
[Result "0-1"]
[WhiteElo "2289"]
[BlackElo "2569"]
[PlyCount "78"]
[EventDate "2015.04.01"]
[EventType "swiss"]
[EventRounds "9"]
[EventCountry "ESP"]
[Source "lmi"]
[SourceDate "2015.04.01"]

1. e4 c6 2. d4 d5 3. e5 Bf5 4. Be3 e6 5. Nd2 Nd7 6. Ngf3 h6 7. Be2 Ne7 8. O-O
Bh7 9. Nb3 Nf5 10. Bd2 a6 11. c4 dxc4 12. Bxc4 Ne7 13. Rc1 Nd5 14. Qe2 Be7 15.
a3 O-O 16. Na5 Qb8 17. b4 Rc8 18. Bd3 Bxd3 19. Qxd3 Bf8 20. Nc4 b6 21. Ne3 Nf4
22. Qc4 b5 23. Qc2 Ne2+ 24. Kh1 Nxc1 25. Rxc1 a5 26. Qe4 axb4 27. axb4 Ra2 28.
Ng4 Qa8 29. h4 Ra1 30. Rxa1 Qxa1+ 31. Kh2 Qb2 32. Nxh6+ gxh6 33. Qg4+ Kh8 34.
Qh5 Bg7 35. Bxh6 Bxh6 36. Ng5 Qc2 37. Nxf7+ Kg7 38. Nd6 Rf8 39. Qg4+ Qg6 0-1

[Event "42. Torneo Internacional de La Roda"]
[Site "La Roda ESP"]
[Date "2015.04.04"]
[Round "6.6"]
[White "Santos, Antonio P"]
[Black "Starostits, Ilmars"]
[Result "1/2-1/2"]
[WhiteElo "2286"]
[BlackElo "2460"]
[PlyCount "105"]
[EventDate "2015.04.01"]
[EventType "swiss"]
[EventRounds "9"]
[EventCountry "ESP"]
[Source "lmi"]
[SourceDate "2015.04.01"]

1. d4 d5 2. c4 dxc4 3. Nf3 c6 4. e3 Be6 5. Nc3 b5 6. a4 b4 7. Ne4 Nf6 8. Ned2
c3 9. bxc3 bxc3 10. Nc4 a5 11. Nce5 Bd5 12. Qc2 Nbd7 13. Bd3 Bxf3 14. Nxf3 e6
15. O-O Bb4 16. e4 h6 17. Rd1 Qe7 18. Bf4 Nh5 19. Be3 Nhf6 20. Bf4 Rd8 21. Bg3
Nh5 22. d5 cxd5 23. exd5 Nxg3 24. dxe6 Ne2+ 25. Bxe2 Qxe6 26. Nd4 Qf6 27. Bb5
O-O 28. Nc6 Ne5 29. Nxd8 Rxd8 30. Rxd8+ Qxd8 31. Rd1 Qf6 32. Rd5 g6 33. h3 Qg5
34. Kh1 Qf4 35. Qe2 Kg7 36. Rxe5 Bd6 37. g3 Qxe5 38. Qxe5+ Bxe5 39. Bd3 Kf6 40.
Kg2 Ke6 41. f4 Bc7 42. Kf3 Kd5 43. g4 Kc5 44. f5 g5 45. Ke4 f6 46. Bc2 Be5 47.
Kd3 Kb4 48. Bd1 Ka3 49. Bc2 Kb2 50. Bd1 Kc1 51. Bc2 Kb2 52. Bd1 Kc1 53. Bc2
1/2-1/2

[Event "42. Torneo Internacional de La Roda"]
[Site "La Roda ESP"]
[Date "2015.04.04"]
[Round "6.7"]
[White "Alshameary Puente, Ismael"]
[Black "Adla, Diego"]
[Result "0-1"]
[WhiteElo "2251"]
[BlackElo "2451"]
[PlyCount "72"]
[EventDate "2015.04.01"]
[EventType "swiss"]
[EventRounds "9"]
[EventCountry "ESP"]
[Source "lmi"]
[SourceDate "2015.04.01"]

1. e4 c6 2. d4 d5 3. e5 Bf5 4. g4 Bd7 5. Nc3 e6 6. Nf3 h5 7. gxh5 c5 8. Rg1 Nc6
9. dxc5 Rxh5 10. Ng5 Rh8 11. Be3 Nh6 12. Nb5 Nxe5 13. Bf4 Bxb5 14. Bxb5+ Nc6
15. b4 Qf6 16. Bd2 Nf5 17. Kf1 Rxh2 18. Nf3 Rh3 19. Bg5 Ne3+ 20. Bxe3 Rxf3 21.
Kg2 Rf5 22. Rb1 Rd8 23. c3 e5 24. Qe2 Be7 25. Rh1 Qg6+ 26. Kf1 Bg5 27. Rd1 Bxe3
28. Qxe3 Ke7 29. Be2 a6 30. a4 e4 31. b5 axb5 32. axb5 Ne5 33. c4 Ng4 34. Bxg4
Qxg4 35. Rxd5 Rdxd5 36. cxd5 Rxd5 0-1

[Event "42. Torneo Internacional de La Roda"]
[Site "La Roda ESP"]
[Date "2015.04.04"]
[Round "6.8"]
[White "Valmana Canto, Jaime"]
[Black "Santos Ruiz, Miguel"]
[Result "1-0"]
[WhiteElo "2425"]
[BlackElo "2315"]
[PlyCount "109"]
[EventDate "2015.04.01"]
[EventType "swiss"]
[EventRounds "9"]
[EventCountry "ESP"]
[Source "lmi"]
[SourceDate "2015.04.01"]

1. d4 e6 2. c4 b6 3. Nf3 Bb7 4. g3 Nf6 5. Bg2 Be7 6. O-O O-O 7. Nc3 Na6 8. d5
Bb4 9. Bd2 Nc5 10. Nh4 Re8 11. Rc1 Rc8 12. a3 Bxc3 13. Bxc3 exd5 14. cxd5 Nce4
15. Qd3 Nc5 16. Qd1 Nce4 17. Qd3 Nc5 18. Qc2 Nxd5 19. Bxg7 Kxg7 20. b4 Ne6 21.
Nf5+ Kg8 22. Nh6+ Kg7 23. Nf5+ Kg8 24. Rfd1 Qg5 25. Bxd5 Bxd5 26. Rxd5 Nf4 27.
Ne7+ Qxe7 28. gxf4 Qxe2 29. Rg5+ Kf8 30. Qxh7 d6 31. Rg3 Qd2 32. Qg7+ Ke7 33.
Re3+ Qxe3 34. fxe3 Rg8 35. Rxc7+ Ke6 36. Rxf7 Rxg7+ 37. Rxg7 Rc3 38. Kf2 Rxa3
39. h4 Ra2+ 40. Kf3 a5 41. bxa5 bxa5 42. e4 Ra3+ 43. Kg4 Ra4 44. Kg5 Rxe4 45.
f5+ Kd5 46. f6 Re1 47. Re7 Rf1 48. Kg6 a4 49. f7 a3 50. Re2 Kc4 51. h5 d5 52.
h6 d4 53. h7 d3 54. Rh2 Rg1+ 55. Kf6 1-0

[Event "42. Torneo Internacional de La Roda"]
[Site "La Roda ESP"]
[Date "2015.04.04"]
[Round "6.9"]
[White "Granero Roca, Antonio"]
[Black "Ibanez Aullana, Ramon"]
[Result "1/2-1/2"]
[WhiteElo "2413"]
[BlackElo "2288"]
[PlyCount "101"]
[EventDate "2015.04.01"]
[EventType "swiss"]
[EventRounds "9"]
[EventCountry "ESP"]
[Source "lmi"]
[SourceDate "2015.04.01"]

1. d4 Nf6 2. c4 e6 3. Nc3 Bb4 4. Qc2 O-O 5. Bg5 h6 6. Bxf6 Qxf6 7. e3 c5 8. a3
Ba5 9. Nf3 Nc6 10. O-O-O d6 11. Be2 a6 12. d5 Bxc3 13. dxc6 Be5 14. Nxe5 Qxe5
15. Qd2 Rd8 16. Qa5 Qf6 17. c7 Rd7 18. Bf3 Qe5 19. e4 d5 20. exd5 Qxc7 21. Qxc7
Rxc7 22. d6 Rd7 23. b4 cxb4 24. axb4 Rb8 25. c5 Rd8 26. Kb2 Bd7 27. Kb3 Rdc8
28. Rd2 Kf8 29. Rc1 Ke8 30. g3 Bc6 31. Bxc6+ Rxc6 32. Ra2 Kd7 33. Kc4 b6 34.
Kd4 Rbc8 35. Rcc2 a5 36. bxa5 bxc5+ 37. Kc4 Rxd6 38. Rd2 Rxd2 39. Rxd2+ Kc6 40.
Rb2 Rd8 41. Rb6+ Kc7 42. Rb2 Kc6 43. Rb6+ Kc7 44. Kxc5 Rd5+ 45. Kb4 Rd2 46. f4
Rxh2 47. Ra6 Kb7 48. Rb6+ Kc7 49. Ra6 Kb7 50. Rb6+ Kc7 51. Ra6 1/2-1/2

[Event "42. Torneo Internacional de La Roda"]
[Site "La Roda ESP"]
[Date "2015.04.04"]
[Round "6.10"]
[White "Maier, Christian"]
[Black "Arias Igual, Alejandro"]
[Result "0-1"]
[WhiteElo "2380"]
[BlackElo "2274"]
[PlyCount "148"]
[EventDate "2015.04.01"]
[EventType "swiss"]
[EventRounds "9"]
[EventCountry "ESP"]
[Source "lmi"]
[SourceDate "2015.04.01"]

1. e4 c5 2. Nf3 Nc6 3. Bb5 g6 4. O-O Bg7 5. Re1 Nf6 6. Nc3 O-O 7. e5 Ne8 8. h3
Nc7 9. Bxc6 dxc6 10. d3 Ne6 11. Ne4 b6 12. a3 a5 13. Bd2 a4 14. Rb1 f5 15. exf6
exf6 16. Qe2 Ra7 17. Qf1 h6 18. Ng3 Nd4 19. Nxd4 cxd4 20. c4 c5 21. b4 axb3 22.
Rxb3 Ra6 23. Qe2 Bd7 24. Qf3 Ba4 25. Rb2 Qd7 26. Qe4 Kf7 27. Qf4 Bc6 28. Ne4 g5
29. Nd6+ Kg6 30. Qg3 Rd8 31. Nb5 Bxb5 32. Rxb5 Qd6 33. Qxd6 Rxd6 34. Bc1 Kf7
35. g4 f5 36. Kg2 Re6 37. Rxe6 Kxe6 38. Kf3 Be5 39. Rb2 Kf6 40. Re2 Ra5 41. Rb2
Bc7 42. Rc2 Ra8 43. Re2 Be5 44. Ra2 Ra4 45. Ra1 Bc7 46. Bb2 Bf4 47. Re1 Ra8 48.
gxf5 Kxf5 49. Re7 Rf8 50. Rb7 Rf6 51. a4 h5 52. Ba3 g4+ 53. hxg4+ hxg4+ 54. Kg2
Bd2 55. Re7 Rf8 56. Re2 Bf4 57. Rb2 Bc1 58. Rb3 Bxa3 59. Rxa3 Ra8 60. Kg3 Rh8
61. Rb3 Rh6 62. Kg2 Kf4 63. Rb5 Rh3 64. Rxb6 Rxd3 65. Rf6+ Ke5 66. Rc6 Ra3 67.
Rxc5+ Ke4 68. a5 Kd3 69. Kg3 Kc2+ 70. Kxg4 d3 71. Rd5 d2 72. Rxd2+ Kxd2 73. f4
Rxa5 74. f5 Ke3 0-1

[Event "42. Torneo Internacional de La Roda"]
[Site "La Roda ESP"]
[Date "2015.04.04"]
[Round "6.11"]
[White "Garcia Ramos, Marcos"]
[Black "Suarez Gomez, Julio"]
[Result "1/2-1/2"]
[WhiteElo "2175"]
[BlackElo "2358"]
[PlyCount "58"]
[EventDate "2015.04.01"]
[EventType "swiss"]
[EventRounds "9"]
[EventCountry "ESP"]
[Source "lmi"]
[SourceDate "2015.04.01"]

1. e4 e6 2. d4 d5 3. Nc3 Bb4 4. e5 c5 5. Qg4 Ne7 6. dxc5 Nbc6 7. Bd2 Nf5 8. Nf3
f6 9. Bd3 O-O 10. exf6 Qxf6 11. O-O-O Bxc5 12. Rhf1 a6 13. Qh3 Nb4 14. Bf4 b5
15. Be5 Qh6+ 16. Qxh6 Nxh6 17. a3 Nc6 18. Bg3 Bd7 19. Rfe1 Nf7 20. Bf1 Be7 21.
Ne2 Bf6 22. Ned4 Nxd4 23. Nxd4 Rfe8 24. Nf3 Bc6 25. Ne5 Bb7 26. Nxf7 Kxf7 27.
Be5 Bc6 28. Bd3 a5 29. b3 b4 1/2-1/2

[Event "42. Torneo Internacional de La Roda"]
[Site "La Roda ESP"]
[Date "2015.04.04"]
[Round "6.12"]
[White "Almagro Mazariegos, Sebastian"]
[Black "Torres Sanchez, Jose"]
[Result "0-1"]
[WhiteElo "2345"]
[BlackElo "2262"]
[PlyCount "68"]
[EventDate "2015.04.01"]
[EventType "swiss"]
[EventRounds "9"]
[EventCountry "ESP"]
[Source "lmi"]
[SourceDate "2015.04.01"]

1. e4 c5 2. Nf3 d6 3. d4 cxd4 4. Nxd4 Nf6 5. Nc3 a6 6. g3 e6 7. Bg2 Be7 8. O-O
O-O 9. a4 Bd7 10. a5 Nc6 11. Nb3 Qc7 12. f4 b5 13. axb6 Qxb6+ 14. Kh1 a5 15.
Re1 Rfd8 16. Be3 Qc7 17. Nb5 Qb8 18. c4 Be8 19. Nc3 Nd7 20. Nd4 Nxd4 21. Bxd4
Nc5 22. Ra2 Qb4 23. Qe2 Nb3 24. Bf2 Rac8 25. Bf1 a4 26. f5 Bf6 27. fxe6 fxe6
28. Bh3 Bd7 29. Rd1 Be5 30. Nb5 Rxc4 31. Nxd6 Rc1 32. Nf7 Kxf7 33. Rxc1 Nxc1
34. Qh5+ Kg8 0-1

[Event "42. Torneo Internacional de La Roda"]
[Site "La Roda ESP"]
[Date "2015.04.04"]
[Round "6.13"]
[White "Tejedor Fuente, Enrique"]
[Black "Cano Gimenez, Vicente"]
[Result "1-0"]
[WhiteElo "2328"]
[BlackElo "2243"]
[PlyCount "75"]
[EventDate "2015.04.01"]
[EventType "swiss"]
[EventRounds "9"]
[EventCountry "ESP"]
[Source "lmi"]
[SourceDate "2015.04.01"]

1. e4 c5 2. Nc3 Nc6 3. Bb5 Nd4 4. Bc4 g6 5. Nf3 Bg7 6. Nxd4 cxd4 7. Qf3 Nh6 8.
d3 O-O 9. Ne2 d6 10. Qg3 Kh8 11. h4 Qa5+ 12. Bd2 Qe5 13. Bf4 Qa5+ 14. Bd2 Qe5
15. Nf4 e6 16. O-O-O Bd7 17. Bb3 a5 18. a3 Rfc8 19. Kb1 b5 20. Qf3 Qc5 21. Rc1
Rcb8 22. g4 e5 23. g5 exf4 24. gxh6 Be5 25. Bxf4 Be6 26. Bd5 Bxd5 27. Bxe5+ Kg8
28. Bg3 Be6 29. Qf6 Kf8 30. c3 dxc3 31. Rxc3 Qb6 32. Rhc1 Ra7 33. Rc6 Qd8 34.
Qg7+ Ke8 35. Rxd6 Bd7 36. Rc5 Ke7 37. Qf6+ Ke8 38. Re5+ 1-0

[Event "42. Torneo Internacional de La Roda"]
[Site "La Roda ESP"]
[Date "2015.04.04"]
[Round "6.14"]
[White "Uran Bermudez, Oliver Kevin"]
[Black "Plazuelo Pascual, Juan"]
[Result "0-1"]
[WhiteElo "2174"]
[BlackElo "2323"]
[PlyCount "88"]
[EventDate "2015.04.01"]
[EventType "swiss"]
[EventRounds "9"]
[EventCountry "ESP"]
[Source "lmi"]
[SourceDate "2015.04.01"]

1. e4 e6 2. d4 d5 3. Nc3 Nf6 4. e5 Nfd7 5. Qg4 c5 6. dxc5 Nxe5 7. Qg3 Nbc6 8.
Bf4 Ng6 9. Bc7 Qh4 10. Qxh4 Nxh4 11. Nb5 a6 12. Bg3 axb5 13. Bxh4 b4 14. Nf3
Bxc5 15. Bb5 O-O 16. O-O Bd7 17. c3 bxc3 18. bxc3 Ra3 19. c4 d4 20. Rad1 Rxa2
21. Nxd4 Nxd4 22. Bxd7 Rc2 23. Bb5 Ra8 24. Ra1 Raa2 25. Rxa2 Rxa2 26. Rd1 h6
27. Kf1 Nf5 28. Bg3 Nxg3+ 29. fxg3 Rf2+ 30. Ke1 Rxg2 31. Rd8+ Kh7 32. Rd7 Rxh2
33. Rxf7 Rg2 34. Rxb7 Rxg3 35. Rc7 Bd4 36. c5 Kg6 37. c6 Rc3 38. Kd2 Kf6 39.
Rb7 Be5 40. Ra7 h5 41. Ra8 h4 42. Rh8 Kg5 43. Be2 g6 44. Bd3 Bxh8 0-1